• 首页
  • 本馆介绍
  • 公告通知
  • 最新文献
  • 馆藏检索
  • 电子资源
  • 读者导购
  • 参考咨询
  • 我的图书馆
  • 登录
  • 详细信息显示
  • 放入我的书架
  • 预约/预借图书
  • 作者相关作品
  • 分类相关作品
  • 丛书相关作品
  • 出版社相关作品

书目信息

  • 表格格式
  • 工作单格式
  • 卡片格式
题名:
作曲技法
    
 
作者: 保罗·欣德米特 著 ;姜丹 译
分册: 第3卷   三声部写作练习
出版信息: 上海   上海音乐出版社  2001
页数: 247页
开本: 20cm
丛书名:
单 册:
中图分类: J614.9
科图分类:
主题词: 音乐--技术--理论 , 作曲法
电子资源:
ISBN: 7-80667-003-3
000 00716nam0 2200229 45
001 0303311593
005 20031219104108.3
010    @a7-80667-003-3@dCNY16.00
100    @a20030331d2001 km y0chiy0120 ea
101 0  @achi@cger
105    @a z 000yy
200 1  @a作曲技法@h第3卷@i三声部写作练习@AZuo Qu Ji Fa@f(德)保罗·欣德米特著@F(De)Bao Luo·Xin De Mi Te Zhu@g姜丹译
210    @a上海@c上海音乐出版社@d2001
215    @a247页@d20cm
517    @a三声部写作练习@ASan Sheng Bu Xie Zuo Lian Xi
606 0  @a音乐@x技术@x理论
606 0  @a作曲法
690    @aJ614.9@v4
701  0 @a保罗·欣德米特@4著
702  0 @a姜丹@AJiang Dan@4译
801    @aCN@bTSTC@c20030331
905    @b321765-769@dJ614.9@e54:3≈2@f5
    
    作曲技法.第3卷.三声部写作练习/(德)保罗·欣德米特著/姜丹译.-上海:上海音乐出版社,2001
    247页;20cm
    
    
    ISBN 7-80667-003-3:CNY16.00
    
●
相关链接 在E读中查询图书 在五车中查询图书 在当当中查询图书 在豆瓣中查询图书


正题名:作曲技法     索取号:J614.9/54:3≈2         预约/预借

序号 登录号 条形码 馆藏地/架位号 状态 备注
1 0321765   203217651   第一借阅区/ [索取号:J614.9/54:3≈2] 在馆    
2 0321766   203217660   第一借阅区/ [索取号:J614.9/54:3≈2] 在馆    
3 0321767   203217679   第一借阅区/ [索取号:J614.9/54:3≈2] 在馆    
4 0321768   203217688   第一借阅区/ [索取号:J614.9/54:3≈2] 在馆    
5 0321769   203217697   第一样本阅览室/ [索取号:J614.9/54:3≈2] 在馆    
欢迎您!
大连网信软件有限公司© 版权所有